000
00328nam a2200145Ia 4500
005
20251222142025.0
008
251222s9999||||xx |||||||||||||| ||spa||
020
_a
84095060140
082
_a
843.8/V53
100
_a
Verne, Julio
245
0
_a
El Faro del Fin del Mundo
250
_a
1ra.ed.
264
_b
Rueda
942
_c
LIB
999
_c
10782
_d
10782